| 000 | 00860nam a2200217Ii 4500 | ||
|---|---|---|---|
| 003 | JO-AjNU | ||
| 008 | 230605s9999||||xx |||||||||||||| ||und|| | ||
| 017 | _a2006/1/115 | ||
| 040 |
_aJO-AjNU _bara _erda _cJO-AjNU |
||
| 041 | _aara | ||
| 050 | 1 | 4 | _aTS156 2009 |
| 100 | 3 |
_aالترتوري، محمد عوض / م مشارك اغادير عرفات جويحان , _eauthor _929944 |
|
| 245 | 0 | 0 | _aادارة الجودة الشاملة في مؤسسات التعليم العالي والمكتبات ومراكز المعلومات |
| 250 | _aط2 | ||
| 264 | 3 | 1 | _aعمان:دار المسيرة للنشر والتوزيع، 2009 |
| 300 | _a258ص | ||
| 336 |
_atext _btxt _2rdacontent |
||
| 337 |
_aunmediated _bn _2rdamedia |
||
| 338 |
_avolume _bnc _2rdacarrier |
||
| 650 | 4 |
_aالتعليم العالي-مؤسسات التعليم العالي _929945 |
|
| 999 |
_aA11809 _c15377 _d15377 |
||